Ross. Histología: texto y atlas. Correlación con biología celular y molecular.
Enregistré dans:
| Auteur principal: | |
|---|---|
| Autres auteurs: | |
| Format: | Livre |
| Publié: |
Barcelona, España:
Wolters Kluwer,
2020.
|
| Édition: | 8a. edición |
| Sujets: | |
| Tags: |
Ajouter un tag
Pas de tags, Soyez le premier à ajouter un tag!
|
MARC
| LEADER | 00000nam a22000007a 4500 | ||
|---|---|---|---|
| 003 | CL-VaPUC | ||
| 005 | 20231116151005.0 | ||
| 008 | 231108t2020 ||||| |||| 00| 0 eng d | ||
| 999 | |c 442340 |d 442338 | ||
| 020 | |a 978-84-17602-65-9 | ||
| 040 | |c Pontificia Universidad Católica de Valparaíso | ||
| 082 | 0 | 4 | |a 611.018 PAW 2020 |2 22 |
| 100 | |a Pawlina, Wojciech |e autor |9 585025 | ||
| 245 | 1 | 0 | |a Ross. Histología: texto y atlas. |b Correlación con biología celular y molecular. |
| 250 | |a 8a. edición | ||
| 260 | |a Barcelona, España: |b Wolters Kluwer, |c 2020. | ||
| 300 | |a xvi, 1045 páginas : |b ilustraciones. | ||
| 500 | |a Incluye contenido adicional en línea. Incluye ebook. | ||
| 583 | |c 20200710 |k GC | ||
| 650 | 0 | |a Histología |9 264868 | |
| 650 | 0 | |a Citología |9 261432 | |
| 650 | 0 | |a Estructura celular |9 362207 | |
| 650 | 0 | |a Morfología celular |9 358386 | |
| 700 | 0 | |a Ross, Michael H |9 585026 |e autor | |
| 942 | |c BK |2 ddc | ||
| 952 | |0 0 |1 0 |2 ddc |4 0 |6 611_018000000000000_PAW_2020 |7 0 |8 A |9 592337 |a BIBCUR |b BIBCUR |c GEN |d 2023-11-08 |e 3 |g 76984.00 |i 5659363 |l 8 |m 5 |o 611.018 PAW 2020 |p 5659363 |r 2025-04-22 |s 2024-12-04 |t 2 |v 76984.00 |w 2023-11-08 |y BK |k BIO | ||
| 952 | |0 0 |1 0 |2 ddc |4 0 |6 611_018000000000000_PAW_2020 |7 0 |8 A |9 592338 |a BIBCUR |b BIBCUR |c GEN |d 2023-11-08 |e 3 |g 76984.00 |i 5659362 |l 8 |m 2 |o 611.018 PAW 2020 |p 5659362 |r 2025-04-23 |s 2025-04-16 |t 1 |v 76984.00 |w 2023-11-08 |y BK |k BIO | ||